Proceedings of the third International Congress on photosynthesis. V1 (Record no. 33662)

MARC details
000 -LEADER
fixed length control field 00585nam a2200217Ia 4500
082 ## - DEWEY DECIMAL CLASSIFICATION NUMBER
Classification number 581.132
Item number AVR.1
245 #0 - TITLE STATEMENT
Title Proceedings of the third International Congress on photosynthesis. V1
260 ## - PUBLICATION, DISTRIBUTION, ETC. (IMPRINT)
Place of publication Amsterdam
Name of publisher Elsevier
Year of publication 1975
650 ## - SUBJECT ADDED ENTRY--TOPICAL TERM
Topical Term Chlorophyll
650 ## - SUBJECT ADDED ENTRY--TOPICAL TERM
Topical Term Chloroplast
650 ## - SUBJECT ADDED ENTRY--TOPICAL TERM
Topical Term Chromatophore
650 ## - SUBJECT ADDED ENTRY--TOPICAL TERM
Topical Term Cytochrome
650 ## - SUBJECT ADDED ENTRY--TOPICAL TERM
Topical Term Electron transport
650 ## - SUBJECT ADDED ENTRY--TOPICAL TERM
Topical Term Fluorescence
650 ## - SUBJECT ADDED ENTRY--TOPICAL TERM
Topical Term Phosphorylation
650 ## - SUBJECT ADDED ENTRY--TOPICAL TERM
Topical Term Photosynthesis
650 ## - SUBJECT ADDED ENTRY--TOPICAL TERM
Topical Term Photosystem
700 ## - ADDED ENTRY--PERSONAL NAME
Personal name AVRON, Mordhay
942 ## - ADDED ENTRY ELEMENTS (KOHA)
Koha item type Books
Holdings
Withdrawn status Lost status Damaged status Not for loan Home library Current library Date acquired Full call number Accession Number Koha item type
        RRII Library RRII Library 16/12/2021 581.132 AVR.1 14110 Books